000 00574nam a2200217Ia 4500
003 OSt
005 20220928151955.0
006 a|||||r|||| 00| 0
007 ta
008 220927b |||||||| |||| 00| 0 hin d
024 _a138431
037 _cTextual
040 _aSDCL
_cSDCL
_bhin
041 _2hin
_ahin
082 _aO15,1:g(Q22:23), L0
100 _aMishr Krishan Kumar
_9518725
245 0 _aSanskrit me veshnav satotrakavaya.
260 _c1970
942 _hO15,1:g(Q22:23), L0
_cTEXL
_2CC
999 _c853711
_d853711